00874nam a2200193Ia 4500001001000000003000500010008004100015010001100056040000900067100003700076245018800113260004100301300001000342502010200352650003800454650006300492650007500555710005000630Para_9688CHAP220125s9999 xx 000 0 und d a208364 cCHAP aRamírez Pool, José Abrahán aCaracterización del perfil profesional del Ingeniero Agrónomo especialista en Parasitología Agrícola de la Universidad Autónoma Chapingo /c José Abrahán Ramírez Pool aChapingo, Méx. :b el autor, 2009 a73 h. aTesis (Ing. Agr. Esp. en Parasitología Agrícola)UACh. Departamento Parasitología Agrícola aDocumentación como profesional  aHabilidades de los Ingenieros Agrónomos Parasitólogos  aIngenieros Agrónomos Parasitólogos x Mercado Laboral x México aUACh. Departamento Parasitología Agrícola